Jerebu

Bibliographic Details
Main Author: Abd. Talib Hassan
Format: Book
Published: Kuala Lumpur : Creative Enterprise , 1995, 2000
Subjects:

MARC

LEADER 00000cam a2200000 7i4500
001 0000006059
005 20101230.0
020 |a 9838931888 
090 0 0 |a F   |b ABD 
100 0 |a Abd. Talib Hassan 
245 1 0 |a Jerebu   |c Abd.Talib Hassan 
260 |a Kuala Lumpur :   |b Creative Enterprise ,   |c 1995, 2000 
300 |a 326p. ;   |c 18cm. 
650 0 0 |a Malay fiction 
999 |a 00100803   |b BUKU   |c FICTION   |e PERPUSTAKAAN KOMUNITI PETALING JAYA 
999 |a 00100804   |b BUKU   |c PINJAMAN   |e PERPUSTAKAAN KOMUNITI PETALING JAYA 
999 |a 00100805   |b BUKU   |c FICTION   |e PERPUSTAKAAN KOMUNITI PETALING JAYA 
999 |a 038114   |b BUKU   |c PINJAMAN   |e PERPUSTAKAAN KOMUNITI PETALING JAYA 
999 |a 038115   |b BUKU   |c PINJAMAN   |e PERPUSTAKAAN KOMUNITI PETALING JAYA